Analysis of stock performance of FMCG sectors a comparision of pre and post covid 19 Era / (Record no. 231849)
[ view plain ]
| 000 -LEADER | |
|---|---|
| fixed length control field | 00759nam a22001937a 4500 |
| 003 - CONTROL NUMBER IDENTIFIER | |
| control field | OSt |
| 005 - DATE AND TIME OF LATEST TRANSACTION | |
| control field | 20240919152721.0 |
| 008 - FIXED-LENGTH DATA ELEMENTS--GENERAL INFORMATION | |
| fixed length control field | 240919b ||||| |||| 00| 0 eng d |
| 040 ## - CATALOGING SOURCE | |
| Transcribing agency | AIMIT LIBRARY |
| 100 ## - MAIN ENTRY--PERSONAL NAME | |
| Personal name | Naik, Yash Arun. |
| Relator term | 2216235 |
| 9 (RLIN) | 179578 |
| 245 ## - TITLE STATEMENT | |
| Title | Analysis of stock performance of FMCG sectors a comparision of pre and post covid 19 Era / |
| Statement of responsibility, etc. | By Yash A Naik ; Guided by Annette Sonia Maben. |
| 260 ## - PUBLICATION, DISTRIBUTION, ETC. | |
| Place of publication, distribution, etc. | Honnavar ; |
| Date of publication, distribution, etc. | 2024. |
| 650 ## - SUBJECT ADDED ENTRY--TOPICAL TERM | |
| Topical term or geographic name entry element | Industry profile company profile and theoretical background of the study |
| 9 (RLIN) | 179579 |
| 650 ## - SUBJECT ADDED ENTRY--TOPICAL TERM | |
| Topical term or geographic name entry element | Research methodology |
| 9 (RLIN) | 179580 |
| 650 ## - SUBJECT ADDED ENTRY--TOPICAL TERM | |
| Topical term or geographic name entry element | Data analysis and interpretation |
| 9 (RLIN) | 179581 |
| 700 ## - ADDED ENTRY--PERSONAL NAME | |
| Personal name | Maben, Annette Sonia. |
| Relator term | Guide |
| 9 (RLIN) | 179582 |
| 856 ## - ELECTRONIC LOCATION AND ACCESS | |
| Materials specified | Motilal oswal financial services limited |
| 942 ## - ADDED ENTRY ELEMENTS (KOHA) | |
| Source of classification or shelving scheme | Dewey Decimal Classification |
| Koha item type | Project Report |
| Withdrawn status | Lost status | Source of classification or shelving scheme | Damaged status | Not for loan | Collection code | Home library | Current library | Shelving location | Date acquired | Total Checkouts | Barcode | Date last seen | Copy number | Price effective from | Koha item type |
|---|---|---|---|---|---|---|---|---|---|---|---|---|---|---|---|
| Dewey Decimal Classification | Not for loan | Project Report MBA | St Aloysius Institute of Management & Information Technology | St Aloysius Institute of Management & Information Technology | Dissertations | 09/19/2024 | PRB02447 | 09/19/2024 | 2216235 | 09/19/2024 | Project Report |